000 00906nam a2200229 u 4500
001 000041796
005 20201002035747.0
008 101130s2002 sp ac 001 0 spa d
020 _a8400080270
040 _aDO-SdBNP
_bspa
_cBNPHU
082 _aXXX
245 0 0 _aNecesidad de un marco jurídico para el desarrollo rural en España /
_ceditores José Sancho Comíns, Javier Martínez Vega, María Asunción Martín Lou.
260 _aMadrid :
_bEscuela de Estudios Hispano-Americanos de Sevilla,
_c2002.
300 _a540 p. :
_bil., mapas ;
_c22 cm.
490 1 _aMonografías
_v24
504 _aIncluye referencias bibliográficas y notas al pie de las páginas.
504 _aBibliografía : p. 105-112
700 1 _aSancho Comíns, José
_eed.
_968663
700 1 _aMartínez Vega, Javier
_eed.
_914954
700 1 _aAsunción Martín Lou, María
_eed.
_968595
830 0 _aMonografías ;
_v24
_915334
999 _c41285
_d41285